[Event "10. Lichtenberger Sommer"]
[Site "Berlin"]
[Date "2011.08.18"]
[Round "6.69"]
[White "Dittrich, Hans-Georg"]
[Black "Stucki, Ramon"]
[Result "0-1"]
[WhiteElo "1698"]
[BlackElo "1964"]
[PlyCount "78"]
[EventDate "2011.??.??"]
[WhiteTeam "SG Blau-Weiß Stadtilm"]
[BlackTeam "Thun SK"]

1. e4 e5 2. f4 exf4 3. Nf3 g5 4. h4 g4 5. Ne5 d5 6. d4 Nf6 7. Bxf4 Nc6 8. Bb5
Bd7 9. Nxd7 Qxd7 10. e5 Ne4 11. Nd2 O-O-O 12. Nxe4 dxe4 13. c3 Be7 14. Qb3 g3
15. O-O-O Qg4 16. Rdf1 Bxh4 17. Bxc6 bxc6 18. Qc4 Bg5 19. Bxg5 Qxg5+ 20. Kb1 e3
21. Qa6+ Kb8 22. Rxf7 Qg6+ 23. Ka1 Qxf7 24. Qxc6 Qd5 25. Qxd5 Rxd5 26. Re1 Rf8
27. a3 Rf2 28. Rxe3 Rxg2 29. e6 Rd8 30. d5 Rg1+ 31. Ka2 g2 32. Rg3 h5 33. c4 h4
34. Rg7 h3 35. c5 Rd1 36. d6 cxd6 37. c6 Rc8 38. c7+ Rxc7 39. e7 Rxe7 0-1

[Event "10. Lichtenberger Sommer"]
[Site "Berlin"]
[Date "2011.08.18"]
[Round "6.70"]
[White "Yuan, Yizheng"]
[Black "Kretzschmar, Jan"]
[Result "1-0"]
[WhiteElo "1889"]
[BlackElo "1807"]
[PlyCount "77"]
[EventDate "2011.??.??"]
[WhiteTeam "Schachpinguine Berlin e.V."]
[BlackTeam "SC Kreuzberg e.V."]

1. e4 c5 2. Nf3 d6 3. d4 cxd4 4. Nxd4 Nf6 5. Nc3 a6 6. Bg5 e5 7. Bxf6 gxf6 8.
Nf5 Be6 9. Qd2 h5 10. f4 Nc6 11. O-O-O Bxf5 12. exf5 Nd4 13. g3 Qa5 14. Bc4 Rc8
15. Bb3 b5 16. Qg2 Nxf5 17. Qe4 Ne7 18. Rxd6 Rxc3 19. fxe5 f5 20. Qe1 Nc8 21.
Rc6 Bb4 22. bxc3 Ba3+ 23. Kd1 O-O 24. Qe3 Rd8+ 25. Ke2 Be7 26. Rg6+ Kf8 27.
Qh6+ Ke8 28. Rg8+ Kd7 29. Rd1+ Kc7 30. Rgxd8 Bxd8 31. Qd2 Be7 32. Bxf7 b4 33.
Qd7+ Kb8 34. Rd5 Qb6 35. Be6 Qb7 36. Qxb7+ Kxb7 37. Bxc8+ Kxc8 38. cxb4 Bxb4
39. e6 1-0

[Event "10. Lichtenberger Sommer"]
[Site "Berlin"]
[Date "2011.08.18"]
[Round "6.71"]
[White "Barwich, Andreas"]
[Black "Petry, Thomas"]
[Result "1/2-1/2"]
[WhiteElo "1963"]
[BlackElo "1637"]
[PlyCount "69"]
[EventDate "2011.??.??"]
[WhiteTeam "SV Berolina Mitte e.V."]
[BlackTeam "SC Friesen Lichtenberg e.V."]

1. e4 e5 2. Nc3 Nc6 3. Bc4 Nf6 4. Nf3 Bb4 5. d3 O-O 6. O-O d6 7. h3 h6 8. a3
Bxc3 9. bxc3 d5 10. exd5 Nxd5 11. Bd2 a6 12. Re1 Qd6 13. d4 exd4 14. cxd4 Nb6
15. Bd3 Qf6 16. c3 Bf5 17. Bxf5 Qxf5 18. Nh4 Qf6 19. Qg4 Nc4 20. Bf4 Nd6 21.
Be5 Qg5 22. Qxg5 hxg5 23. Bxd6 cxd6 24. Nf5 Rfd8 25. Ne7+ Kf8 26. Nxc6 bxc6 27.
Rab1 Rab8 28. Kf1 f5 29. c4 Kf7 30. Ke2 a5 31. Kf3 Kf6 32. d5 cxd5 33. cxd5
Rxb1 34. Rxb1 Rc8 35. Rb3 1/2-1/2

[Event "10. Lichtenberger Sommer"]
[Site "Berlin"]
[Date "2011.08.18"]
[Round "6.72"]
[White "Gebert, Ralf"]
[Black "Hänisch, Christoph"]
[Result "1/2-1/2"]
[WhiteElo "2039"]
[BlackElo "1631"]
[PlyCount "119"]
[EventDate "2011.??.??"]
[WhiteTeam "SG Güstrow/Teterow"]
[BlackTeam "SK Zehlendorf e.V."]

1. e4 c6 2. d4 d5 3. Nc3 dxe4 4. Nxe4 Nd7 5. Ng5 Ngf6 6. Bd3 e6 7. Qe2 h6 8.
Ne4 Nxe4 9. Qxe4 Nf6 10. Qe3 Qc7 11. Nf3 Be7 12. Bd2 Nd5 13. Qe4 Nf6 14. Qe2 c5
15. h3 a6 16. dxc5 Bxc5 17. b4 Be7 18. c4 O-O 19. O-O b6 20. Rac1 Bb7 21. a4
Rfd8 22. Bc3 a5 23. b5 Nd7 24. Be4 Bxe4 25. Qxe4 Bf6 26. Bxf6 Nxf6 27. Qe3 Nd7
28. Nd4 Nc5 29. Nc6 Rd3 30. Qe2 Rd6 31. Rcd1 Rxd1 32. Qxd1 Qf4 33. Qc2 Qe4 34.
Qa2 Qd3 35. Rc1 Qd6 36. Qc2 Qd3 37. Qa2 Qd6 38. Qe2 Qd3 39. Qe5 Qd7 40. Qe2 Qd3
41. Qh5 Re8 42. Rd1 Qf5 43. Qh4 Qf6 44. Qg3 Nxa4 45. Qc7 Kh7 46. Rd7 Rf8 47.
Qd6 Re8 48. Ne5 Nc5 49. Rxf7 Qd8 50. Qc6 Re7 51. Rxe7 Qxe7 52. Qxb6 a4 53. Qa5
Qd6 54. Ng4 Qd1+ 55. Kh2 Qb3 56. Qa7 Qxc4 57. b6 Qb5 58. Qf7 Kh8 59. Ne5 Qxb6
60. Qe8+ 1/2-1/2

[Event "10. Lichtenberger Sommer"]
[Site "Berlin"]
[Date "2011.08.18"]
[Round "6.73"]
[White "Krueger, Ekkehard"]
[Black "Bieg, Pascal"]
[Result "1-0"]
[WhiteElo "1878"]
[BlackElo "1751"]
[PlyCount "83"]
[EventDate "2011.??.??"]
[WhiteTeam "SG Narva Berlin e.V."]
[BlackTeam "SV Königsjäger Süd-West e.V."]

1. Nf3 Nf6 2. d4 g6 3. c4 Bg7 4. Nc3 O-O 5. e4 d6 6. Bd3 Bg4 7. h3 Bxf3 8. Qxf3
e5 9. d5 a5 10. Be3 Na6 11. O-O Kh8 12. Qe2 Ng8 13. Qd2 f5 14. exf5 gxf5 15.
Bg5 Bf6 16. Bxf6+ Qxf6 17. Rae1 Ne7 18. Kh2 Rg8 19. Ne2 Nc5 20. Bc2 f4 21. g4
Qh4 22. f3 Raf8 23. Rd1 Rf6 24. Qe1 Rh6 25. Qxh4 Rxh4 26. a3 h5 27. Kg2 hxg4
28. hxg4 Kg7 29. Rh1 Rgh8 30. Rxh4 Rxh4 31. Rb1 b6 32. b4 axb4 33. axb4 Nd7 34.
Ra1 Rh8 35. Ra7 Rc8 36. Nc3 Nf6 37. Ba4 Kf8 38. Bb5 Kg8 39. Ba6 Re8 40. Rxc7
Ra8 41. b5 Ne8 42. Rxe7 1-0

[Event "10. Lichtenberger Sommer"]
[Site "Berlin"]
[Date "2011.08.18"]
[Round "6.74"]
[White "Kasper, Peter"]
[Black "Hahne, Carsten"]
[Result "0-1"]
[WhiteElo "1808"]
[BlackElo "1818"]
[PlyCount "60"]
[EventDate "2011.??.??"]
[WhiteTeam "SG Eckturm"]
[BlackTeam "vereinslos"]

1. e4 c6 2. d4 d5 3. e5 Bf5 4. Nf3 e6 5. Bd3 Bxd3 6. Qxd3 a6 7. a3 c5 8. c3 Nc6
9. Be3 cxd4 10. cxd4 h5 11. Nbd2 Nh6 12. Nf1 Nf5 13. Bd2 h4 14. h3 Be7 15. Ne3
Nxe3 16. Bxe3 Qb6 17. O-O Na5 18. Nd2 Rc8 19. b4 Nc6 20. Rac1 O-O 21. f4 Na7
22. Qe2 Nb5 23. f5 exf5 24. Rxc8 Rxc8 25. Rxf5 Qg6 26. Rf1 Nxa3 27. Qf3 Nc2 28.
Rc1 Rc3 29. Nf1 Bxb4 30. Qxd5 Nxe3 0-1

[Event "10. Lichtenberger Sommer"]
[Site "Berlin"]
[Date "2011.08.18"]
[Round "6.75"]
[White "Bandlow, Matthias"]
[Black "Bullig, Reinhard"]
[Result "1-0"]
[WhiteElo "1988"]
[BlackElo "1730"]
[PlyCount "103"]
[EventDate "2011.??.??"]
[WhiteTeam "SC Borussia Friedrichsfelde 1920"]
[BlackTeam "Sfrd. Berlin 1903 e.V."]

1. d4 Nf6 2. c4 g6 3. Nf3 d6 4. e3 Bg7 5. Nc3 O-O 6. Be2 c5 7. O-O cxd4 8. exd4
b6 9. Re1 Bb7 10. Qc2 Nbd7 11. b3 Rc8 12. Bb2 d5 13. Rad1 dxc4 14. bxc4 Bxf3
15. gxf3 a6 16. Ne4 Qc7 17. Qb3 Qf4 18. Bf1 Nxe4 19. fxe4 Qb8 20. e5 e6 21. Ba3
Rfe8 22. Bd6 Qa7 23. Rb1 Bf8 24. Bxf8 Rxf8 25. d5 Rc5 26. Bh3 exd5 27. cxd5 Rb5
28. Qd3 Nc5 29. Qc4 Rxb1 30. Rxb1 b5 31. Qd4 f5 32. Rc1 Rc8 33. d6 Kf7 34. d7
Rd8 35. Qxc5 Qxc5 36. Rxc5 Rxd7 37. Rc6 Rd1+ 38. Bf1 a5 39. Ra6 a4 40. Rb6 Rb1
41. Rxb5 Ra1 42. Ra5 Ke6 43. f4 g5 44. fxg5 f4 45. h4 Kf5 46. Rxa4 Kxe5 47. Kf2
Kf5 48. Bd3+ Kg4 49. Bxh7 Rh1 50. g6 Rxh4 51. g7 Rh2+ 52. Kg1 1-0

[Event "10. Lichtenberger Sommer"]
[Site "Berlin"]
[Date "2011.08.18"]
[Round "6.76"]
[White "Kapp, Frank"]
[Black "Lagunow, Elina"]
[Result "1/2-1/2"]
[WhiteElo "1894"]
[BlackElo "1713"]
[PlyCount "122"]
[EventDate "2011.??.??"]
[WhiteTeam "TSV IFA Chemnitz"]
[BlackTeam "SG Grün-Weiß Baumschulenweg e.V."]

1. d4 Nf6 2. c4 e5 3. dxe5 Ng4 4. Nf3 Bc5 5. e3 Nc6 6. a3 a5 7. b3 Ngxe5 8.
Nxe5 Nxe5 9. Bb2 Qe7 10. Be2 O-O 11. O-O Ra6 12. Nd2 Rg6 13. Nf3 d6 14. Kh1 Kh8
15. Bc3 Bb6 16. Qd2 Nxf3 17. Bxf3 Qh4 18. g3 Qg5 19. Bg2 Bd7 20. b4 axb4 21.
axb4 Bc6 22. Bd4 Bxd4 23. Qxd4 Bxg2+ 24. Kxg2 Qg4 25. Ra7 Rb8 26. Rfa1 Qc8 27.
Qd5 Re6 28. Qf5 Kg8 29. h4 h6 30. R1a2 Qd8 31. Qf3 c6 32. b5 Rf6 33. Qe4 Re6
34. Qd3 Qb6 35. Ra8 Qc7 36. b6 Qd8 37. Rxb8 Qxb8 38. Ra7 Re7 39. Qa3 Re8 40. c5
d5 41. Qa4 Qc8 42. Qf4 Re7 43. Qd6 Kf8 44. f3 Ke8 45. Qf4 Kf8 46. Qa4 Re8 47.
e4 Qd7 48. Ra8 Rxa8 49. Qxa8+ Ke7 50. e5 Ke6 51. Qb8 Ke7 52. f4 f6 53. Qd6+ Ke8
54. Qb8+ Ke7 55. Qg8 Qg4 56. exf6+ Kxf6 57. Qf8+ Kg6 58. Qe7 Qc8 59. Kf3 Qf5
60. Qd6+ Kh7 61. Qe7 Qd3+ 1/2-1/2

[Event "10. Lichtenberger Sommer"]
[Site "Berlin"]
[Date "2011.08.18"]
[Round "6.77"]
[White "Jachym, Christoph"]
[Black "Pichler, Gerhard"]
[Result "1-0"]
[WhiteElo "1585"]
[BlackElo "1818"]
[PlyCount "49"]
[EventDate "2011.??.??"]
[WhiteTeam "SC Zugzwang 95 e.V."]
[BlackTeam "Polizeisportverein Tirol"]

1. e4 c5 2. c3 d5 3. exd5 Qxd5 4. d4 cxd4 5. cxd4 Nc6 6. Nf3 e6 7. Nc3 Bb4 8.
Be2 Nf6 9. a3 Bxc3+ 10. bxc3 O-O 11. O-O Re8 12. Re1 Qd8 13. Bg5 h6 14. Bh4 g5
15. Bg3 Ne4 16. Qc2 Nxg3 17. fxg3 a6 18. Ne5 Nxd4 19. Qe4 Nxe2+ 20. Qxe2 Qb6+
21. Kh1 f6 22. Qh5 Re7 23. Qg6+ Rg7 24. Qxf6 Kh7 25. Ng4 1-0

[Event "10. Lichtenberger Sommer"]
[Site "Berlin"]
[Date "2011.08.18"]
[Round "6.78"]
[White "Engers, Felix"]
[Black "Pouydesseau, Mathieu"]
[Result "0-1"]
[WhiteElo "1536"]
[BlackElo "1774"]
[PlyCount "54"]
[EventDate "2011.??.??"]
[WhiteTeam "SC Zitadelle Spandau 1977 e.V."]
[BlackTeam "SV Berlin-Friedrichstadt"]

1. e4 c5 2. Nf3 e6 3. d4 cxd4 4. Nxd4 a6 5. c4 Nc6 6. Be3 Qc7 7. Be2 Nf6 8. Qc2
Nb4 9. Qb3 Nxe4 10. Bf3 Nc5 11. Qc3 Na4 12. Qb3 Nxb2 13. O-O Nxc4 14. Rc1 d5
15. a3 Nc6 16. Nxc6 bxc6 17. Qa4 Bd7 18. Bg5 Bd6 19. h3 O-O 20. Be2 h6 21. Bxc4
hxg5 22. Bd3 c5 23. Qg4 Bf4 24. Rc2 Qe5 25. Nc3 c4 26. Nxd5 Qxa1+ 27. Bf1 exd5
0-1

[Event "10. Lichtenberger Sommer"]
[Site "Berlin"]
[Date "2011.08.18"]
[Round "6.79"]
[White "Schueler, Wolfgang"]
[Black "Schneider, Eckehard"]
[Result "0-1"]
[WhiteElo "1939"]
[BlackElo "1733"]
[PlyCount "122"]
[EventDate "2011.??.??"]
[WhiteTeam "SC Friesen Lichtenberg e.V."]
[BlackTeam "Sfrd. Berlin 1903 e.V."]

1. e4 e6 2. d4 d5 3. Nd2 c5 4. exd5 exd5 5. Ngf3 Nf6 6. c3 a6 7. Be2 Be7 8.
dxc5 Bxc5 9. Nb3 Be7 10. O-O O-O 11. Nfd4 Nc6 12. Bf3 Ne5 13. Be2 Re8 14. h3
Bd7 15. Qc2 Rc8 16. Nf5 Bf8 17. Bg5 h6 18. Be3 Ne4 19. Nfd4 Nc4 20. Bxc4 dxc4
21. Nd2 Nf6 22. Bf4 Nd5 23. Bg3 Bc5 24. N2f3 Qf6 25. Rfe1 Nf4 26. Qd2 Nd3 27.
Rxe8+ Rxe8 28. b3 b5 29. a4 Bd6 30. Bxd6 Qxd6 31. axb5 axb5 32. bxc4 bxc4 33.
Qa2 Qd5 34. Qa5 Qb7 35. Qa2 Qd5 36. Nd2 Nf4 37. f3 Qg5 38. Ne4 Nxh3+ 39. Kf1
Qe3 40. Nf2 Nxf2 41. Qxf2 Qxc3 42. Rd1 Ba4 43. Ne2 Qb2 44. Re1 Bc2 45. Qd4 Qxd4
46. Nxd4 Bd3+ 47. Kf2 Rxe1 48. Kxe1 g5 49. Kd2 Kg7 50. Ke3 h5 51. f4 g4 52. g3
Kf6 53. Nb5 Kf5 54. Nd4+ Kg6 55. Nc6 h4 56. Ne5+ Kh5 57. Nxf7 hxg3 58. Ne5 Kh4
59. f5 Bxf5 60. Nxc4 Kh3 61. Ke2 Bd3+ 0-1

[Event "10. Lichtenberger Sommer"]
[Site "Berlin"]
[Date "2011.08.18"]
[Round "6.80"]
[White "Kuebart, Thore"]
[Black "Reichert, Lutz"]
[Result "1-0"]
[WhiteElo "1868"]
[BlackElo "1757"]
[PlyCount "39"]
[EventDate "2011.??.??"]
[WhiteTeam "SV Königsjäger Süd-West e.V."]
[BlackTeam "Schwarz-Weiß Neukölln e.V."]

1. e4 c5 2. Nf3 a6 3. c3 e6 4. d4 cxd4 5. cxd4 Nf6 6. Nc3 Bb4 7. Bd3 Qc7 8. Bd2
Bxc3 9. Bxc3 d6 10. O-O Nbd7 11. Rc1 b5 12. d5 Qb6 13. Qd2 e5 14. Ba5 Qb8 15.
Bc7 Qb7 16. Bxd6 Nb6 17. Rc7 Nxe4 18. Bxe4 Nc4 19. Qg5 Nxd6 20. Qe7# 1-0

[Event "10. Lichtenberger Sommer"]
[Site "Berlin"]
[Date "2011.08.18"]
[Round "6.81"]
[White "Gretzer, Marcus"]
[Black "Kornijenko, Alexander"]
[Result "1-0"]
[WhiteElo "1748"]
[BlackElo "1648"]
[PlyCount "37"]
[EventDate "2011.??.??"]
[WhiteTeam "SC Kitzingen von 1905"]
[BlackTeam "vereinslos"]

1. Nf3 Nf6 2. c4 g6 3. Nc3 d5 4. e3 Bg7 5. d4 O-O 6. b3 Bf5 7. Be2 c6 8. O-O
Nbd7 9. Ne5 Nxe5 10. dxe5 Ne4 11. Bb2 Bxe5 12. Qc1 Qd6 13. g4 Bxh2+ 14. Kg2
Nxc3 15. Qxc3 Be5 16. Qxe5 Qxe5 17. Bxe5 Bd7 18. Rad1 e6 19. Bf6 1-0

[Event "10. Lichtenberger Sommer"]
[Site "Berlin"]
[Date "2011.08.18"]
[Round "6.82"]
[White "Moeller, Dirk"]
[Black "Lehmann, Patricia"]
[Result "0-1"]
[WhiteElo "1683"]
[BlackElo "1601"]
[PlyCount "76"]
[EventDate "2011.??.??"]
[WhiteTeam "SC Kreuzberg e.V."]
[BlackTeam "SG 1871 Löberitz"]

1. e4 c5 2. Nf3 d6 3. d4 cxd4 4. Nxd4 Nf6 5. Nc3 a6 6. Be2 e6 7. Bg5 Be7 8. O-O
O-O 9. f4 h6 10. Bh4 Nbd7 11. Kh1 Nxe4 12. Nxe4 Bxh4 13. Nxd6 Qc7 14. Nf3 Be7
15. Nxc8 Raxc8 16. c3 Rfd8 17. Nd4 Nb6 18. Qd3 Bf6 19. Rac1 Na4 20. Qe3 Nxb2
21. h3 Nc4 22. Qg3 Nd2 23. Rfe1 Ne4 24. Qe3 Nc5 25. f5 e5 26. Nf3 e4 27. Nd4
Bg5 28. Qg1 Bxc1 29. Rxc1 Nd3 30. Rf1 Qxc3 31. Bxd3 Qxd4 32. Qxd4 Rxd4 33. Bb1
e3 34. Re1 Re8 35. Kg1 e2 36. Kf2 Rd1 37. Bc2 Rxe1 38. Kxe1 Re3 0-1

[Event "10. Lichtenberger Sommer"]
[Site "Berlin"]
[Date "2011.08.18"]
[Round "6.83"]
[White "Muehlhan, Klaus"]
[Black "Hesselbarth, Karlheinz"]
[Result "1-0"]
[WhiteElo "1986"]
[BlackElo "1789"]
[PlyCount "69"]
[EventDate "2011.??.??"]
[WhiteTeam "SC Empor Potsdam 1952 e.V."]
[BlackTeam "SC Zugzwang 95 e.V."]

1. e4 e5 2. Nf3 Nc6 3. Bb5 a6 4. Ba4 d6 5. c3 f5 6. d3 fxe4 7. dxe4 Nf6 8. O-O
Be6 9. Nbd2 Be7 10. Ng5 Bg8 11. Bb3 Qd7 12. f4 exf4 13. Rxf4 h6 14. Nh3 O-O-O
15. Qe2 g5 16. Rf1 Bh7 17. Bc2 Rde8 18. b4 Qg4 19. Qe3 Bd8 20. Nf2 Qd7 21. a4
Nd5 22. Qd3 Nf4 23. Qf3 Ne5 24. Qd1 h5 25. Nb3 Ng4 26. b5 Bf6 27. bxa6 bxa6 28.
Nd4 Bxd4 29. cxd4 d5 30. a5 dxe4 31. Ba4 c6 32. Bxf4 gxf4 33. Bxc6 Qf5 34. Bxe8
Rxe8 35. Nxg4 1-0

[Event "10. Lichtenberger Sommer"]
[Site "Berlin"]
[Date "2011.08.18"]
[Round "6.84"]
[White "Wierzbicki, Jirawat"]
[Black "Casny, Guenter"]
[Result "0-1"]
[WhiteElo "1451"]
[BlackElo "1865"]
[PlyCount "62"]
[EventDate "2011.??.??"]
[WhiteTeam "TuS Makkabi Berlin e.V."]
[BlackTeam "SC Rochade e.V."]

1. e4 c5 2. Nf3 Nc6 3. d4 cxd4 4. Nxd4 d6 5. Nc3 Nf6 6. Bc4 e6 7. Be3 a6 8. a4
Bd7 9. O-O Qc7 10. Bb3 Be7 11. Qd2 Na5 12. Ba2 Nc4 13. Bxc4 Qxc4 14. Rfe1 O-O
15. h3 Rac8 16. Qe2 Bd8 17. a5 Qxe2 18. Rxe2 g6 19. Bh6 Re8 20. Re3 Rc5 21. Nb3
Rc4 22. f3 Be7 23. g4 Rec8 24. Kh2 Ne8 25. Rg1 Bf6 26. Rd3 Bxc3 27. Rxc3 Rxc3
28. bxc3 Rxc3 29. Nd4 e5 30. Ne2 Rxc2 31. Re1 Bb5 0-1

[Event "10. Lichtenberger Sommer"]
[Site "Berlin"]
[Date "2011.08.18"]
[Round "6.85"]
[White "Pallas, Sebastian"]
[Black "Münstermann, Claudia"]
[Result "1-0"]
[WhiteElo "1803"]
[BlackElo "1838"]
[PlyCount "91"]
[EventDate "2011.??.??"]
[WhiteTeam "SG 1871 Löberitz"]
[BlackTeam "SC Weisse Dame e.V."]

1. e4 e5 2. Nf3 Nc6 3. d4 exd4 4. Nxd4 Nf6 5. Nxc6 bxc6 6. Bd3 Qe7 7. O-O g6 8.
Bg5 Qe5 9. Qd2 Bg7 10. Nc3 O-O 11. Rfe1 Rb8 12. Na4 d6 13. Rab1 Bd7 14. Bf4 Qd4
15. Nc3 c5 16. Qc1 Qb4 17. a3 Qb7 18. Bh6 Rfe8 19. Bxg7 Kxg7 20. Qf4 Re5 21. f3
Rbe8 22. Bc4 Be6 23. Bxe6 R5xe6 24. Red1 Nd7 25. b3 Ne5 26. Qd2 Nc6 27. Ne2 Re5
28. Qc3 Kg8 29. Nf4 Nd4 30. Kf2 Qb5 31. Nd3 R5e6 32. Re1 Nc6 33. Nf4 R6e7 34.
Nd5 Ne5 35. Nxe7+ Rxe7 36. h3 Qc6 37. Qd2 Qb6 38. Kf1 Qb5+ 39. c4 Qd7 40. Red1
Nc6 41. b4 Re5 42. Qd3 Qe7 43. bxc5 Rxc5 44. Rb5 Ne5 45. Qe2 Rxc4 46. Rxe5 1-0

[Event "10. Lichtenberger Sommer"]
[Site "Berlin"]
[Date "2011.08.18"]
[Round "6.86"]
[White "Toth, Hans-Juergen"]
[Black "Peter, Volkhard"]
[Result "0-1"]
[WhiteElo "1641"]
[BlackElo "1810"]
[PlyCount "120"]
[EventDate "2011.??.??"]
[WhiteTeam "Schachfreunde Zehdenick 76 e.V."]
[BlackTeam "Schachclub Oranienburg e.V."]

1. f4 e5 2. fxe5 d6 3. exd6 Bxd6 4. Nf3 g5 5. g3 g4 6. Nh4 Be7 7. Ng2 h5 8. d4
h4 9. Bf4 hxg3 10. Bxg3 Bf5 11. e3 Bd6 12. Bxd6 Qxd6 13. Nf4 Qb4+ 14. Nd2 Nc6
15. c3 Qe7 16. Qe2 Qh4+ 17. Kd1 O-O-O 18. Bg2 Nge7 19. Qe1 Qh7 20. e4 Bd7 21.
e5 Bf5 22. Be4 Bxe4 23. Qxe4 Qxe4 24. Nxe4 Nxe5 25. Kc2 Nf3 26. h3 f5 27. Ng3
c5 28. dxc5 Rd2+ 29. Kb3 Rf2 30. hxg4 Rxh1 31. Rxh1 Nd2+ 32. Ka3 Rxf4 33. Nxf5
Nxf5 34. gxf5 Rxf5 35. Rh8+ Kc7 36. b4 Rf3 37. Kb2 Nc4+ 38. Kb3 Ne5 39. a4 a6
40. Rh7+ Nd7 41. b5 a5 42. b6+ Kc6 43. Rh6+ Kxc5 44. Rh5+ Kxb6 45. Rb5+ Ka6 46.
Kb2 b6 47. Rb3 Nc5 48. Ra3 Rf4 49. Kc2 Rxa4 50. Rxa4 Nxa4 51. c4 Nc5 52. Kb2 a4
53. Ka2 Ka5 54. Ka3 Nb3 55. Ka2 Kb4 56. Kb2 Kxc4 57. Ka3 b5 58. Ka2 b4 59. Kb2
a3+ 60. Ka2 Nc1+ 0-1

[Event "10. Lichtenberger Sommer"]
[Site "Berlin"]
[Date "2011.08.18"]
[Round "6.87"]
[White "Prix, Siegfried"]
[Black "Becker, Uwe"]
[Result "0-1"]
[WhiteElo "1782"]
[BlackElo "1791"]
[PlyCount "82"]
[EventDate "2011.??.??"]
[WhiteTeam "Sfrd. Berlin 1903 e.V."]
[BlackTeam "SV Glück auf Rüdersdorf e.V."]

1. d4 d6 2. e4 g6 3. f4 Bg7 4. Nf3 Bg4 5. Be2 Nd7 6. O-O e6 7. Nc3 c6 8. Be3
Ne7 9. Qd2 d5 10. Rad1 O-O 11. Bf2 a6 12. exd5 cxd5 13. Rde1 Rc8 14. Nd1 Qc7
15. c3 Nf5 16. Ne5 Nxe5 17. fxe5 Bxe2 18. Qxe2 Qc4 19. Qxc4 Rxc4 20. g4 Ne7 21.
Ne3 Rc7 22. g5 b5 23. a4 b4 24. cxb4 Rfc8 25. Rd1 Nc6 26. Be1 Bf8 27. b5 axb5
28. axb5 Nb4 29. Bc3 Na2 30. Ba5 Ra7 31. Bd2 Rb7 32. Ra1 Nb4 33. Bc3 Rxb5 34.
Ra7 Nd3 35. Nd1 Nxe5 36. dxe5 Bc5+ 37. Kg2 Bxa7 38. Nf2 d4 39. Bd2 Rc2 40. Bc1
Rxe5 41. Bf4 Ree2 0-1

[Event "10. Lichtenberger Sommer"]
[Site "Berlin"]
[Date "2011.08.18"]
[Round "6.88"]
[White "Voeller, Lothar"]
[Black "Cerdan Herraez, Manuel Vicente"]
[Result "0-1"]
[WhiteElo "1662"]
[BlackElo "1861"]
[PlyCount "114"]
[EventDate "2011.??.??"]
[WhiteTeam "Freier Sportverein von 1898 Dort"]
[BlackTeam "CIM Benimaclet Valencia"]

1. e4 e5 2. Nf3 d6 3. c3 Nf6 4. Qe2 Nc6 5. d4 exd4 6. cxd4 Bg4 7. Qe3 Bxf3 8.
gxf3 Qd7 9. h4 Qe7 10. Bh3 d5 11. e5 Nd7 12. Nc3 Qb4 13. O-O Qxd4 14. Bxd7+
Kxd7 15. f4 Qxe3 16. fxe3 Ne7 17. e4 d4 18. Ne2 c5 19. b4 Nc6 20. bxc5 Bxc5 21.
Kg2 Rad8 22. Bd2 f6 23. exf6 gxf6 24. Kf3 d3 25. Ng3 Nd4+ 26. Kg2 Rhg8 27. Kh3
Kc7 28. Rac1 b6 29. a4 Ne2 30. Rxc5+ bxc5 31. Ba5+ Kc8 32. Nxe2 dxe2 33. Re1
Rd3+ 34. Kh2 Re3 35. Rc1 Kb7 36. Be1 Kb6 37. Bf2 Rxe4 38. Bxc5+ Ka5 39. Bf2
Rxf4 40. Be1+ Kxa4 41. Rc2 Re4 42. Rc7 a5 43. Rxh7 Rgg4 44. Rh5 Re5 45. Rh6 Rf5
46. h5 Rf1 47. Bd2 Re4 48. Kg2 e1=Q 49. Bxe1 Rexe1 50. Rh8 Rh1 51. h6 Reg1+ 52.
Kf3 Rg6 53. h7 Rg7 54. Rf8 Rgxh7 55. Kg2 R1h6 56. Kg3 Rb7 57. Kf4 Rb5 0-1

[Event "10. Lichtenberger Sommer"]
[Site "Berlin"]
[Date "2011.08.18"]
[Round "6.90"]
[White "Priese, Annika"]
[Black "Herrmann, Eberhard"]
[Result "0-1"]
[WhiteElo "1462"]
[BlackElo "1876"]
[PlyCount "119"]
[EventDate "2011.??.??"]
[WhiteTeam "SG 1871 Löberitz"]
[BlackTeam "SC Friesen Lichtenberg e.V."]

1. e4 e5 2. Nf3 Nc6 3. Bb5 a6 4. Ba4 b5 5. Bb3 d6 6. O-O Be7 7. Re1 Na5 8. Bd5
c6 9. Bb3 Bg4 10. d3 Nf6 11. Nbd2 O-O 12. c3 Nxb3 13. Nxb3 Nd7 14. d4 f5 15.
exf5 Bxf5 16. dxe5 d5 17. h3 Qc7 18. Nbd4 Be4 19. Ne6 Qb7 20. Nxf8 Rxf8 21. Ng5
Bf5 22. Nf3 Nc5 23. Bg5 Be4 24. Bxe7 Bxf3 25. gxf3 Qxe7 26. Kh2 Ne6 27. Re3 Rf5
28. Qe2 Rh5 29. Rg1 c5 30. Rg3 Nf4 31. Qf1 Qe6 32. Re1 g6 33. Re3 Rh6 34. a3
Rh4 35. Re1 Kg7 36. Re3 d4 37. cxd4 cxd4 38. Re4 d3 39. Re1 h5 40. b4 d2 41.
Rd1 Qxe5 42. Rxd2 Nxh3 43. Rd7+ Kf6 44. Rd2 Nf4+ 45. Kg1 Nh3+ 46. Kg2 Nf4+ 47.
Kg1 Nh3+ 48. Rxh3 Rxh3 49. Qxh3 Qe1+ 50. Kg2 Qxd2 51. Qh4+ Qg5+ 52. Qxg5+ Kxg5
53. Kg3 h4+ 54. Kh3 Kf4 55. Kxh4 Kxf3 56. Kg5 Kxf2 57. Kxg6 Ke3 58. Kf5 Kd4 59.
Ke6 Kc4 60. Kd6 0-1

[Event "10. Lichtenberger Sommer"]
[Site "Berlin"]
[Date "2011.08.18"]
[Round "6.91"]
[White "Theilig, Reinhard"]
[Black "Albinus, Guenter"]
[Result "0-1"]
[WhiteElo "1701"]
[BlackElo "1825"]
[PlyCount "132"]
[EventDate "2011.??.??"]
[WhiteTeam "VfB Hermsdorf e.V."]
[BlackTeam "SG Weißensee 49 e.V."]

1. Nf3 Nf6 2. c4 c6 3. g3 d5 4. b3 g6 5. Bb2 Bg7 6. Qc2 O-O 7. d3 Re8 8. Nbd2
Nbd7 9. Bg2 e5 10. e4 d4 11. O-O a5 12. a4 Nc5 13. Ba3 Bf8 14. Rfb1 Na6 15. c5
Nd7 16. Nc4 Nb4 17. Bxb4 axb4 18. Nd6 Bxd6 19. cxd6 Qf6 20. Qc4 Qxd6 21. Rc1 c5
22. Qc2 b6 23. Qd2 f6 24. Qh6 Qf8 25. Qd2 Nb8 26. Rf1 Be6 27. Rab1 Qf7 28. Qc2
Nc6 29. Nd2 g5 30. Qd1 Kh8 31. Bf3 Qg8 32. Bh5 Re7 33. Bg4 Na5 34. Bxe6 Qxe6
35. Kg2 h5 36. h3 Rh7 37. Rh1 Rg8 38. Qf3 g4 39. hxg4 Rxg4 40. Rh4 Rxh4 41.
gxh4 Rg7+ 42. Kh2 Rg4 43. Qh3 f5 44. f3 Rf4 45. Qg3 Qf6 46. Kh3 fxe4 47. Nxe4
Qe6+ 48. Kh2 Nxb3 49. Rg1 Qf7 50. Nd6 Qf8 51. Qg5 Rf6 52. Qxh5+ Qh6 53. Qxh6+
Rxh6 54. Nf7+ Kh7 55. Nxh6 Kxh6 56. Rd1 Na5 57. Kh3 b3 58. Rb1 Kh5 59. Kg3 c4
60. dxc4 d3 61. Rb2 Kg6 62. Kf2 Kh5 63. Ke1 Kxh4 64. Kd2 Nxc4+ 65. Kc3 Nxb2 66.
Kd2 Kg3 0-1

[Event "10. Lichtenberger Sommer"]
[Site "Berlin"]
[Date "2011.08.18"]
[Round "6.92"]
[White "Lehmann, Tornalf"]
[Black "Sube, Günter"]
[Result "1-0"]
[WhiteElo "1637"]
[BlackElo "1842"]
[PlyCount "50"]
[EventDate "2011.??.??"]
[WhiteTeam "SC Heilsbronn 1951 e.V."]
[BlackTeam "SV Bau-Union e.V."]

1. e4 e6 2. d4 d5 3. Nc3 Nf6 4. Bg5 Be7 5. e5 Nfd7 6. h4 a6 7. Qg4 Bxg5 8. hxg5
g6 9. Nf3 c5 10. O-O-O cxd4 11. Nxd4 Nxe5 12. Qh4 Nbc6 13. f4 Nxd4 14. Rxd4 Nc6
15. Rd2 Qa5 16. Qh6 Bd7 17. Qg7 O-O-O 18. Rxh7 Rxh7 19. Qxh7 Be8 20. a3 Kb8 21.
g3 Qb6 22. Qh2 Ne7 23. Bd3 Bc6 24. Nd1 Rc8 25. Qe2 Rh8 1-0

[Event "10. Lichtenberger Sommer"]
[Site "Berlin"]
[Date "2011.08.18"]
[Round "6.93"]
[White "Huebner, Alan-Ari"]
[Black "Wolfram, Mike"]
[Result "1-0"]
[WhiteElo "1636"]
[BlackElo "1640"]
[PlyCount "41"]
[EventDate "2011.??.??"]
[WhiteTeam "TuS Makkabi Berlin e.V."]
[BlackTeam "BSG 1827 Eckbauer e.V."]

1. d4 Nf6 2. c4 e6 3. Nc3 Bb4 4. e3 Ne4 5. Qc2 d5 6. Bd3 Nxc3 7. bxc3 Be7 8.
Nf3 dxc4 9. Bxc4 O-O 10. e4 b6 11. h4 Ba6 12. Bxa6 Nxa6 13. Qd3 Nb8 14. e5 c5
15. Ng5 g6 16. Nxh7 Kxh7 17. h5 Kg7 18. hxg6 fxg6 19. Bh6+ Kf7 20. Bxf8 Bxf8
21. Qf3+ 1-0

[Event "10. Lichtenberger Sommer"]
[Site "Berlin"]
[Date "2011.08.18"]
[Round "6.94"]
[White "Knaut, Jonathan"]
[Black "Hitzelberger, Michael"]
[Result "1-0"]
[WhiteElo "1613"]
[BlackElo "1284"]
[PlyCount "43"]
[EventDate "2011.??.??"]
[WhiteTeam "SV Königsjäger Süd-West e.V."]
[BlackTeam "Sfrd. Berlin 1903 e.V."]

1. e4 e5 2. Nf3 Nc6 3. Bb5 Nf6 4. O-O a6 5. Ba4 b5 6. Bb3 Be7 7. Re1 O-O 8. c3
Bb7 9. d4 d6 10. Nbd2 Re8 11. Ng5 Rf8 12. Nf1 Nd7 13. Qh5 Bxg5 14. Bxg5 Nf6 15.
Qd1 h6 16. Bh4 g6 17. dxe5 Nxe5 18. f4 Ned7 19. e5 dxe5 20. fxe5 g5 21. exf6
gxh4 22. Qg4+ 1-0